• 首页
  • 本馆介绍
  • 公告通知
  • 最新文献
  • 馆藏检索
  • 电子资源
  • 读者导购
  • 参考咨询
  • 我的图书馆
  • 登录
  • 详细信息显示
  • 放入我的书架
  • 预约/预借图书
  • 作者相关作品
  • 分类相关作品
  • 丛书相关作品
  • 出版社相关作品

书目信息

  • 表格格式
  • 工作单格式
  • 卡片格式
题名:
特色农产品及水产品加工技术
    
 
作者: 扬琴 主编
分册:  
出版信息: 北京   中国农业科学技术出版社  2016
页数: 100页
开本: 24cm
丛书名: 农产品加工技术汇编系列丛书
单 册:
中图分类: S37 , TS254.4
科图分类:
主题词: 特色农业--te se nong ye--农产品加工 , 水产品加工--shui chan pin jia gong
电子资源:
ISBN: 978-7-5116-2854-1
000 00998nam 2200289 450
001 012001000294
005 20140105161923.0
010    @a978-7-5116-2854-1@dCNY34.00
099    @aCAL 012017009058
100    @a20170119d2016 em y0chiy50 ea
101 0  @achi
102    @aCN@b110000
105    @ay z 000yy
106    @ar
200 1  @a特色农产品及水产品加工技术@Ate se nong chan pin ji shui chan pin jia gong ji shu@f扬琴主编
210    @a北京@c中国农业科学技术出版社@d2016
215    @a100页@d24cm
225 2  @a农产品加工技术汇编系列丛书@Anong chan pin jia gong ji shu hui bian xi lie cong shu
330    @a本书主要内容包括茶叶加工技术、其他特色农产品加工技术和水产品加工技术。
410  0 @12001 @a农产品加工技术汇编系列丛书
606 0  @a特色农业@Ate se nong ye@x农产品加工
606 0  @a水产品加工@Ashui chan pin jia gong
690    @aS37@v5
690    @aTS254.4@v5
701  0 @a扬琴@Ayang qin@4主编
801  0 @aCN@b北京卓展文化@c20191020
905    @b1200191-4@dS37@e60@f4
    
    特色农产品及水产品加工技术/扬琴主编.-北京:中国农业科学技术出版社,2016
    100页;24cm.-(农产品加工技术汇编系列丛书)
    
    
    ISBN 978-7-5116-2854-1:CNY34.00
    本书主要内容包括茶叶加工技术、其他特色农产品加工技术和水产品加工技术。
●
相关链接 在E读中查询图书 在五车中查询图书 在当当中查询图书 在豆瓣中查询图书


正题名:特色农产品及水产品加工技术     索取号:S37/60         预约/预借

序号 登录号 条形码 馆藏地/架位号 状态 备注
1 1200191   212001910   第二样本阅览室/ [索取号:S37/60] 在馆    
2 1200192   212001929   第三借阅区/ [索取号:S37/60] 在馆    
3 1200193   212001938   第三借阅区/ [索取号:S37/60] 在馆    
4 1200194   212001947   第三借阅区/ [索取号:S37/60] 在馆    
唐山师范学院图书馆 欢迎您!
大连网信软件有限公司© 版权所有